| 000 | 00619nam a2200205 a 4500 | ||
|---|---|---|---|
| 005 | 20240424063743.0 | ||
| 008 | 991125s1998 mx 000 0 spa u | ||
| 020 | _a9700713504 | ||
| 035 | _aUPN01000012183 | ||
| 049 | _aCG | ||
| 050 | 4 |
_aHV6046 L5.3 _b1998 |
|
| 100 | 1 | _aLima Malvido, María de la Luz | |
| 245 | 1 | 0 |
_aCriminalidad femenina : _bteorías y reacción social / _cMaría de la Luz Lima Malvido. |
| 250 | _a3a ed. | ||
| 260 |
_aMéxico : _bPorrúa, _c1998. |
||
| 300 | _axxiv, 507 p. | ||
| 650 | 4 |
_aMUJERES DELINCUENTES _921405 |
|
| 650 | 4 |
_aMujeres _xProblemas sociales y morales _95340 |
|
| 905 | _aLibro | ||
| 999 |
_c12183 _d12183 |
||